| 000 | 00649nam a2200181 a 4500 | ||
|---|---|---|---|
| 001 | 000036182 | ||
| 005 | 20200930074932.0 | ||
| 008 | 120110s1998 sp 000 0 spa d | ||
| 020 | _a847908359X | ||
| 082 |
_axxxx _bA367p |
||
| 100 | 1 |
_aAlemany Bay, Carmen _962222 |
|
| 245 | 1 | 3 |
_aLa polémica del meridiano intelectual de hispanoamérica (1927) : _bestudio y textos / _cCarmen Alemany Bay. |
| 260 |
_aEspaña : _bPublicaciones de la Universidad de Alicante, _c1998. |
||
| 300 |
_a174 p. ; _c24 cm. |
||
| 504 | _aIncluye referencias bibliográficas y notas al pie de las páginas. | ||
| 504 | _aBibliografía : p. [171] -174. | ||
| 999 |
_c35673 _d35673 |
||
| 040 | _aDO-SdBNP | ||